00886 am a2200253ua 450000100100000000500170001000800410002702000220006802000180009004000160010808200190012410000210014324500680016426000780023230000240031050000240033465000370035865300210039565500240041670000230044094200190046399900170048295201330049901003361820140121122817.0010326t2001 xxu fr 001 ||eng d a0071373586 (pbk.) a9780071373586 aStDuBDSdUk04a659.1222bRIE1 aRies, Al.93489210aPositioning :bthe battle for your mind /cAl Ries, Jack Trout. aNew York, United States :bMcGraw-Hill,cc.2001f(R. R. Donnelley & Sons) ax, 213 p. ;c21 cm. aIndex : p. 211-213. 0aPositioning (Advertising)934890 bBuscJanuary2014 vreading book9342321 aTrout, Jack934891 2ddck659.1 RIE c17941d17913 00102ddc40708BaccahaMAINbMAINc1STd2014-01-21epurchasel3m29o659.1 RIEp000035371r2025-07-15 00:00:00s2024-10-26yBB